Effective team work : key insights (Record no. 188647)

MARC details
000 -LEADER
fixed length control field 00396nam a2200157Ia 4500
008 - FIXED-LENGTH DATA ELEMENTS--GENERAL INFORMATION
fixed length control field 231217s9999 xx 000 0 und d
020 ## - INTERNATIONAL STANDARD BOOK NUMBER
International Standard Book Number 8178814145
041 ## - LANGUAGE CODE
Language code of text/sound track or separate title English
082 ## - DEWEY DECIMAL CLASSIFICATION NUMBER
Classification number 658.3 RED;1 R
100 ## - MAIN ENTRY--PERSONAL NAME
Personal name Reddy, Sumati ed.
245 #0 - TITLE STATEMENT
Title Effective team work : key insights
260 ## - PUBLICATION, DISTRIBUTION, ETC.
Date of publication, distribution, etc. 2005
Name of publisher, distributor, etc. Icfai
Place of publication, distribution, etc. Hyderabad
300 ## - PHYSICAL DESCRIPTION
Extent viii, 174
650 ## - SUBJECT ADDED ENTRY--TOPICAL TERM
Topical term or geographic name entry element team,key,insights
942 ## - ADDED ENTRY ELEMENTS (KOHA)
Koha item type Books
Holdings
Date last seen Total checkouts Full call number Accession number Cost, total (INR) price Price effective from Category Public note Lost status Damaged status Department Withdrawn status Home library Current library Shelving location Entry date Vendor Cost, normal purchase price Grants Billdate Currency symbol Conversion rate Discount Old discount Billnumber
26/01/2024   658.3 RED;1 R 65236 38.00 26/01/2024 Books 65236     Central Library   Central Library Central Library Central Library 08/09/2010 ICFAI Press 38.00 MBA 25/02/2014 RS 1      
26/01/2024   658.3 RED;2 R1 65237 38.00 26/01/2024 Books 65237     F-Block Annex   Central Library Central Library F-Block Library Annex 08/09/2010 ICFAI Press 38.00 MBA 25/02/2014 RS 1      
26/01/2024   658.3 RED;3 65503 38.00 26/01/2024 Books 65503     Central Library   Central Library Central Library Central Library 16/09/2010 ICFAI Press 38.00 MBA 25/02/2014 RS 1     1993

© For any Suggestions or Query, please contact the library staff @ librarian@pes.edu or Phone: +9180 2672 1983/ 2108.